| 000 | 01268nam a22002537a 4500 | ||
|---|---|---|---|
| 005 | 20080711103247.0 | ||
| 006 | a|||||r|||||00| 0 | ||
| 008 | 080711t xxu||||| |||| 00| f hin d | ||
| 010 | _aHIN-83822 | ||
| 020 | _c300.00 | ||
| 035 | _aHN-56168 | ||
| 037 | _bDBAD / PUB | ||
| 040 |
_aDPL _bHN |
||
| 082 | _aउ | ||
| 100 | _aशर्मा, परमात्मा राय | ||
| 245 |
_aमुक्ति की पुकारः _cपरमात्मा राय शर्मा _b( वर्ष 1971 के भारत- पाकिस्तान युद्ध की पृष्ठ भूमि पर आधारित उपन्यास) / |
||
| 246 |
_aMukti ki pukar _bby Parmatma Ray Sharma |
||
| 260 |
_aइलाहाबाद _bअनिल प्रकाशन _c2007 |
||
| 270 |
_a189ए/1 अलोपीबाग कालोनी _bइलाहाबाद |
||
| 300 |
_a320पृ _c22सेमी(सजिल्द) |
||
| 650 | _aHindi Novels | ||
| 942 |
_2ddc _cHN _hउ _m शर्माप |
||
| 999 |
_c14423 _d14423 |
||